Digital tremors shift London's floorplates (Record no. 118060)
[ view plain ]
| 000 -LEADER | |
|---|---|
| fixed length control field | 02011cam a2200301 4500 |
| 001 - CONTROL NUMBER | |
| control field | ABS68228 |
| 008 - FIXED-LENGTH DATA ELEMENTS--GENERAL INFORMATION | |
| fixed length control field | 040927n2004 000 0 eng u |
| 035 ## - SYSTEM CONTROL NUMBER | |
| System control number | (Sirsi) u127532 |
| 100 ## - MAIN ENTRY--PERSONAL NAME | |
| Personal name | Dixon, T. |
| 245 ## - TITLE STATEMENT | |
| Title | Digital tremors shift London's floorplates |
| 260 ## - PUBLICATION, DISTRIBUTION, ETC. | |
| Date of publication, distribution, etc. | 2004 |
| 490 ## - SERIES STATEMENT | |
| Series statement | Estates Gazette |
| Volume/sequential designation | (0438) 18 September 2004, 154-155(2) |
| 520 ## - SUMMARY, ETC. | |
| Summary, etc. | Reports on new research on how technology led change is affecting business processes and real estate requirements in the City. Technology must be considered alongside forces for dispersal and agglomeration, all of which are creating a potent mix of factors affecting City businesses. "The impact of ebusiness on the City of London office market: 2003 survey" indicates that larger Citybased organisations use their space more efficiently than smaller ones and that some 30% of organisations believe that they would require less space per employee in five years time. The digital divide between large and smaller City firms has diminished since the 2002 survey. Discusses the impact of e-business, teleworking and wireless technology on these organisations and highlights the importance of business continuity management in dealing with disasters in the City. Predicts a trend towards the separation of front and back office operations and the downsizing of back office operations with consequences for real estate needs. View the report at www.cem.ac.uk. |
| 590 ## - LOCAL NOTE (RLIN) | |
| Local note | ABS |
| 590 ## - LOCAL NOTE (RLIN) | |
| Local note | ABS |
| 650 ## - SUBJECT ADDED ENTRY--TOPICAL TERM | |
| Topical term or geographic name entry element | BUSINESS CONTINUITY MANAGEMENT |
| 650 ## - SUBJECT ADDED ENTRY--TOPICAL TERM | |
| Topical term or geographic name entry element | SPACE USE |
| 650 ## - SUBJECT ADDED ENTRY--TOPICAL TERM | |
| Topical term or geographic name entry element | TELEWORKING |
| 650 ## - SUBJECT ADDED ENTRY--TOPICAL TERM | |
| Topical term or geographic name entry element | HOMEWORKING |
| 650 ## - SUBJECT ADDED ENTRY--TOPICAL TERM | |
| Topical term or geographic name entry element | FRONT-OFFICES |
| 650 ## - SUBJECT ADDED ENTRY--TOPICAL TERM | |
| Topical term or geographic name entry element | BACK OFFICES |
| 650 ## - SUBJECT ADDED ENTRY--TOPICAL TERM | |
| Topical term or geographic name entry element | OFFICE MARKET |
| 650 ## - SUBJECT ADDED ENTRY--TOPICAL TERM | |
| Topical term or geographic name entry element | EBUSINESS |
| 690 ## - LOCAL SUBJECT ADDED ENTRY--TOPICAL TERM (OCLC, RLIN) | |
| Topical term or geographic name as entry element | COMMERCIAL PROPERTY-MARKET |
| 856 ## - ELECTRONIC LOCATION AND ACCESS | |
| Uniform Resource Identifier | <a href="https://www.cem.ac.uk/research/reports_2004.asp">https://www.cem.ac.uk/research/reports_2004.asp</a> |
| Public note | View the report on the College of Estate Management Website... |
| 856 ## - ELECTRONIC LOCATION AND ACCESS | |
| Uniform Resource Identifier | <a href="https://www.cem.ac.uk/research/reports_2004.asp">https://www.cem.ac.uk/research/reports_2004.asp</a> |
| Public note | View the report on the College of Estate Management Website... |
| 942 ## - ADDED ENTRY ELEMENTS (KOHA) | |
| Suppress in OPAC | 0 |
| Withdrawn status | Lost status | Source of classification or shelving scheme | Damaged status | Not for loan | Home library | Current library | Shelving location | Date acquired | Total Checkouts | Full call number | Barcode | Date last seen | Copy number | Price effective from | Koha item type |
|---|---|---|---|---|---|---|---|---|---|---|---|---|---|---|---|
| Dewey Decimal Classification | London | London | Journal article | 27/09/2004 | ABS68228 | 127532-1001 | 06/08/2019 | 1 | 06/08/2019 | Journal article |